little cloud - Statistics

General Stats
  • This quiz has been taken 6 times
  • The average score is 6 of 11
Answer Stats
Question Answer % Correct
How old is Little Chandler? 32
80%
What is the protagonist's mood at the beginning of the story? Unsatisfaction
80%
What languages do the waiters at Corless's speak? French and German
60%
Who is the author of the book Little Chandler opens to read to his son? George Gordon Byron
60%
Where does Gallagher live? London
60%
What does Little Chandler dream of becoming? Poet
60%
What moment leads Little Chandler to reflect on his life and aspirations? the conversation with a childhood friend
60%
How does the title relate to the story? The title "A Little Cloud" refers to the mood and attitude of the main character, Little Chandler.
60%
How long has it been since Little Chandler last saw Gallaher? Eight years
40%
Who makes Little Chandler believe that he can make his dreams come true? Gallaher
40%
What does Little Chandler feel on his way to meet Gallagher? Melancholy
40%
No matching quizzes found
Score Distribution
Percent of People with Each Score
Percentile by Number Answered
Your Score History
You have not taken this quiz